Cá tươi chất lượng và các biến đổi về chất lượng

שמור ב:
מידע ביבליוגרפי
מחבר ראשי: Hans H. Huss
פורמט: ספר
שפה:Undetermined
יצא לאור: Hà Nội Nông nghiệp 2004
נושאים:
תגים: הוספת תג
אין תגיות, היה/י הראשונ/ה לתייג את הרשומה!
Thư viện lưu trữ: Trung tâm Học liệu Trường Đại học Cần Thơ
LEADER 00598nam a2200193Ia 4500
001 CTU_73703
008 210402s9999 xx 000 0 und d
082 |a 664.949 
082 |b H972 
100 |a Hans H. Huss 
245 0 |a Cá tươi chất lượng và các biến đổi về chất lượng 
245 0 |c Hans H. Huss; Đỗ Văn Ninh ... [et al.] 
260 |a Hà Nội 
260 |b Nông nghiệp 
260 |c 2004 
650 |a fishery products 
650 |x quality control 
904 |i Minh 
980 |a Trung tâm Học liệu Trường Đại học Cần Thơ